| 000 | 00373 a2200121 4500 | ||
|---|---|---|---|
| 020 | _a9788131714645 | ||
| 082 | _a301.01 NEU | ||
| 100 | _aNeuman, W. Lawrence | ||
| 245 |
_aSocial Research Methods : qualitative and quantitative approaches _cW. Lawrence Neuman |
||
| 250 | _a6th ed. | ||
| 260 |
_aIndia : _bPearson Education _c2008 |
||
| 300 |
_aviii, 592p. : _bill ., ; _c24 cm |
||
| 650 | _aSocial Research | ||
| 999 |
_c234 _d234 |
||